| 000 | 00928cam a2200253 a 4500 | ||
|---|---|---|---|
| 001 | 123 | ||
| 003 | BR-CuiBMT | ||
| 005 | 20231109225636.0 | ||
| 008 | 230816s2023 mgb 000 0 por d | ||
| 020 | _a9786555184433 | ||
| 040 |
_aBR-CuiBMT _cBR-CuiBMT |
||
| 080 |
_22007 _a343.125 _x(81) |
||
| 090 |
_a343.125(81) _bD486p |
||
| 100 | 1 | _aDeus, Paulo Ricardo Aguiar de | |
| 245 | 1 | 0 |
_aPrisão em flagrante : _buma crítica a partir da institucionalização da audiência de custódia no Brasil / _cPaulo Ricardo Aguiar de Deus ; prefácio Antonio Henrique Graciano Suxberger. |
| 260 |
_aBelo Horizonte : _bFórum, _c2023. |
||
| 300 |
_a133 p. ; _c22 cm |
||
| 504 | _aInclui bibliografia. | ||
| 650 |
_aDireito processual penal _zBrasil |
||
| 650 |
_aPrisão em flagrante _xDireito processual penal |
||
| 650 |
_aAudiências de custódia _xDireito processual penal |
||
| 650 |
_aDireito constitucional _zBrasil |
||
| 942 |
_2udc _cLV |
||
| 999 |
_c123 _d123 |
||